000
00290nam a22001337a 4500
082
_a
894.812.3
_b
LUI/V
100
_a
MANJALI, LOOIS
245
_a
VALAYIL KUDUNGIYA MUKKUVAN
260
_a
THRISSUR
_b
MMB PUBLISHERS
_c
2008
300
_a
148
520
_a
NOVEL
650
_a
NOVEL
942
_c
BK
999
_c
4894
_d
4894